| 000 | 00396nam a2200157 a 4500 | ||
|---|---|---|---|
| 001 | 000046901 | ||
| 005 | 20201002053209.0 | ||
| 008 | 180406s2015 dr a 000 spa d | ||
| 020 | _a9789945175189 | ||
| 040 |
_aDO-SdBNP _bspa _cBNPHU |
||
| 082 |
_axxx _bM425 |
||
| 245 | 0 | _aMatemática 2. | |
| 260 |
_aSanto Domingo : _bSM, _c2015. |
||
| 300 | _a215 p. + CD. | ||
| 590 | _aInventariado, 2018 / DG | ||
| 999 |
_c46390 _d46390 |
||